Laddar...

The Cambridge Companion to James Joyce

Bibliografiska uppgifter
Huvudupphovsman: Attridge,Derek
Materialtyp: Printed Book
Publicerad: UK Cambridge University Press 2004
LEADER 00440nam a22001337a 4500
999 |c 278153  |d 278153 
020 |a 9780521545532 
082 |a 823.912 JOY(TB) 
100 |a Attridge,Derek 
245 |a The Cambridge Companion to James Joyce 
260 |a UK  |b Cambridge University Press  |c 2004 
300 |a 190p 
942 |c BK 
952 |0 0  |1 0  |4 0  |6 823_912000000000000_JOYTB  |7 0  |9 296512  |a ENG  |b ENG  |d 2020-03-11  |l 0  |o 823.912 JOY(TB)  |p ENG12618  |r 2020-03-11  |w 2020-03-11  |y TB